Stane se institucionální ekonomie paradigmem 21.století?

Pohľad na zásadné zmeny ako v sociálno-ekonomickom vývoji, tak i v ekonomickej teórii. Veľká transformácia. Otázky nutnosti prechodu k novej paradigme v ekonmickej vede. Niektoré zdroje novej paradigmy v súčasných alternatívach ekonomických teórií.

Saved in:
Bibliographic Details
Main Author: Sojka, Milan
Format: Book Chapter
Language:Czech
Subjects:
Tags: Add Tag
No Tags, Be the first to tag this record!

MARC

LEADER 00000naa$a2200000$$$4500
001 0100102
005 20231121105253.8
041 0 |a cze 
044 |a CZ 
245 1 0 |a Stane se institucionální ekonomie paradigmem 21.století?  |c Milan Sojka 
520 |a Pohľad na zásadné zmeny ako v sociálno-ekonomickom vývoji, tak i v ekonomickej teórii. Veľká transformácia. Otázky nutnosti prechodu k novej paradigme v ekonmickej vede. Niektoré zdroje novej paradigmy v súčasných alternatívach ekonomických teórií. 
610 2 0 |a ekonomika nová 
610 2 0 |a transformácia 
610 2 0 |a technológie komunikačné 
610 2 0 |a technológie nové 
610 2 0 |a technológie informačné 
610 2 0 |a teórie ekonomické 
100 1 |a Sojka, Milan